Online
Catalog

They shared to survive : (Record no. 1552)

MARC details
000 -CABECERA
campo de control de longitud fija 00745cam a2200229 a 4500
001 - NÚMERO DE CONTROL
campo de control 000001671
005 - FECHA Y HORA DE LA ÚLTIMA TRANSACCIÓN
campo de control 20200929145645.0
008 - DATOS DE LONGITUD FIJA--INFORMACIÓN GENERAL
campo de control de longitud fija 760429s1975 onca 000 0 eng
020 ## - NÚMERO INTERNACIONAL ESTÁNDAR DEL LIBRO
Número Internacional Estándar del Libro 0770513204
020 ## - NÚMERO INTERNACIONAL ESTÁNDAR DEL LIBRO
Número Internacional Estándar del Libro 0770513492
035 ## - NÚMERO DE CONTROL DEL SISTEMA
Número de control de sistema (DLC) 76359636
040 ## - FUENTE DE LA CATALOGACIÓN
Centro catalogador/agencia de origen DO-SdBNP
Centro/agencia transcriptor DLC
Centro/agencia modificador DLC
-- BNPHU
050 00 - SIGNATURA TOPOGRÁFICA DE LA BIBLIOTECA DEL CONGRESO
Número de clasificación E78.C2
Número de documento/Ítem D43
082 ## - NÚMERO DE LA CLASIFICACIÓN DECIMAL DEWEY
Número de clasificación 971/.004/97
Número de documento/Ítem D515n
049 ## - FONDOS LOCALES (OCLC)
Fondos de biblioteca BNGR
100 1# - ENTRADA PRINCIPAL--NOMBRE DE PERSONA
Nombre de persona Dewdney, Selwyn H.,
Fechas asociadas al nombre 1909-1979.
9 (RLIN) 5432
245 10 - MENCIÓN DE TÍTULO
Título They shared to survive :
Resto del título the native peoples of Canada /
Mención de responsabilidad, etc. Selwyn Dewdney ; ilustración, Franklin Arbuckle.
260 ## - PUBLICACIÓN, DISTRIBUCIÓN, ETC.
Lugar de publicación, distribución, etc. Toronto, (Canadá) :
Nombre del editor, distribuidor, etc. Macmillian,
Fecha de publicación, distribución, etc. c1975.
300 ## - DESCRIPCIÓN FÍSICA
Extensión 210 p. :
Otras características físicas il. ;
Dimensiones 24 cm.
650 #0 - PUNTO DE ACCESO ADICIONAL DE MATERIA--TÉRMINO DE MATERIA
Término de materia o nombre geográfico como elemento de entrada Indians of north america
Subdivisión geográfica Canada.
9 (RLIN) 5433
910 ## - DATOS DE OPCIÓN DEL USUARIO (OCLC)
Datos de opción del usuario Catalogación por copia / LC
Holdings
Estado de retiro Estado de pérdida Restricciones de uso No para préstamo Código de colección Localización permanente Ubicación/localización actual Ubicación en estantería Fecha de adquisición Número de inventario Total de préstamos Signatura topográfica completa Código de barras Fecha visto por última vez Precio válido a partir de Tipo de ítem Koha
    Préstamo interno   Monografías: Libros y Folletos General General Depósito 22.09.2009 LF1   971/.004/97 D515n 1671-10 25.06.2020 25.06.2020 Préstamo interno

Powered by Koha